zpět

Detail výsledku týmu

Base Camp, Přerov

Datum a čas kvízu

44.5 Celkem bodů Celkový počet nahraných bodů na tomto kvízu bez doplňovacích otázek.
1. Pořadí na kvízu Konečné umístění týmu na tomto kvízu.

Zaznamenané odpovědi

# Otázka Odpověď Body Výsledky
1. V pondělí odhalil český prezid... C) ze skla 1
2. Polák Andrzej Bargiel je po ce... Mount Everest 1
3. Minulý týden proběhl v Brně me... Straka 1
4. Na jedné technické univerzitě... Ostrava 1
5. Jak se jmenuje nový držitel pr... Ousmane Dembélé 1
6. Gesto, které vidíme na obrázku... 1A 2C 3D 4B 0
7. Které z uvedených gest má na B... B 1
8. Sheldon Cooper v Teorii velkéh... papír a tapír (ještěr) 1
9. Která dvě písmena české dvouru... CH, R 0
10. Na výřezu z obrazu francouzské... paroháč (že je mu žena nevěrná) 0